Представление документа в формате MARC21

Поле Инд. ПП Название Значение
Тип записи a
Библиографический уровень m
001 Контрольный номер b460dabce1f540a18f7a3a5b0e25e9e4
005 Дата корректировки 20220617135631.6
008 Кодируемые данные 220519|||||||||ru |||||||||||||||||rus||
020 a ISBN 978-5-9903374-1-1
041 0_ a Код языка текста rus
084 a Индекс другой классификации/Индекс ББК 63.5+85.12+37.2
090 a Полочн. индекс 63.5
x Авторский знак М 74
100 1_ a Автор Мозолевская А. Е.
203 a Вид содержания Текст
c Тип средства непосредственное
245 10 a Заглавие Саамские узоры
c Ответственность фото: А. Степаненко [и др.] ; ил. Г. А. Кулинченко
246 01 a Другая форма заглавия Самь кырьйнэз
260 a Место издания Мурманск
b Издательство Рекорд
c Дата издания 2011
300 a Объем 183, [1] с.
b Иллюстрации/ тип воспроизводства ил.
500 a Примечание Текст парал. рус., саам.
520 0_ a Аннотация Саамы Кольского полуострова – народ с развитыми и во многом самобытными традициями. Фантастичны и причудливы их сказки, народные предания, своеобразно прикладное искусство. Истоки прикладного искусства саамов – в жизненной необходимости самим изготовлять одежду, обувь, предметы быта и в естественной потребности делать их не только удобными, но и красивыми. В саамском фольклоре встречается немало упоминаний об украшении одежды, обуви, охотничьих сумок, детских люлек ракушками, красными сушёными ягодками и жемчужинами – розовыми, голубыми, жёлтыми красноватыми. Художественное творчество связано со всей историей народа, его обычаями, хозяйственной деятельностью. Саамы – оленеводы, охотники , рыболовы – передвигались по тундре вслед за стадами оленей, в поисках рыбы и зверя. Полукочевой быт лопарей определил круг необходимых вещей. которыми они пользовались. Искусство северных народов образно называют искусством, рождённом на снегу. На Севере, где большую часть года земля покрыта снегом, глазу человека особенно необходима разнообразная игра красок. Ярко горят на снегу кусочки сукна – красного, жёлтого, синего, светятся крупинки бисера, искрится мех, любовно и тщательно подобранный
583 x Служебное примечание Краеведческий каталог
650 04 a Основная рубрика Декоративно-прикладное искусство-Саамы
653 0_ a Ключевые слова Декоративно-прикладное искусство
a Ключевые слова Искусство саамское
a Ключевые слова Краеведение
a Ключевые слова Краеведение историческое
a Ключевые слова Орнамент саамский
a Ключевые слова Саамские узоры
a Ключевые слова Саамы
a Ключевые слова Узоры саамские
700 12 a Другие авторы Мечкина Е. И.
900 a Имя макрообъекта Саамские узоры
901 t Тип документа m